000 00667nam a2200241Ia 4500
003 OSt
005 20221007103819.0
006 a|||||r|||| 00| 0
007 ta
008 221006b |||||||| |||| 00| 0 eng d
024 _a14,121
037 _cTextual
040 _aLCO
_cLCO
_beng
041 _2eng
_aeng
082 _aZ2,98:1, P1
100 _aAtre B.R.
245 0 _aLegislative Drafting
_b Principles and Techniques
260 _aDelhi
_bUniversal Law Publishing Co. Pvt. Ltd. India
_c2001
300 _axxii+302
650 _aLEGISLATIVE DRAFTING
_9688853
942 _hZ2,98:1, P1
_cTEXL
999 _c1183684
_d1183684